200 Most Popular Baby Girl Names Starting with N (2019) - Statistics

General Stats
  • This quiz has been taken 7,493 times
  • The average score is 74 of 200
Answer Stats
Name % Correct
Nora
90%
Norah
90%
Natalee
89%
Nataleigh
89%
Natali
89%
Natalie
89%
Nataly
89%
Nathalie
89%
Nathaly
89%
Nina
83%
Nelle
82%
Nell
81%
Nico
80%
Nia
79%
Nichole
79%
Nicole
79%
Nicolle
79%
Neha
78%
Niah
78%
Nelli
76%
Nellie
76%
Nelly
76%
Natalia
75%
Nataliya
75%
Natalya
75%
Nathalia
75%
Noa
75%
Noah
75%
Nahomi
70%
Nahomy
70%
Naiomi
70%
Naomi
70%
Naomie
70%
Naomy
70%
Nayomi
70%
Neomi
70%
Niomi
70%
Nyomi
70%
Nancy
69%
Nadia
68%
Nadiya
68%
Nadya
68%
Natasha
68%
Nova
63%
Novah
63%
Nadeen
61%
Nadine
61%
Nahla
60%
Nala
60%
Nalah
60%
Nola
60%
Noel
59%
Noelle
59%
Neve
58%
Niamh
58%
Niki
57%
Nikki
57%
Neva
55%
Niva
55%
Naia
53%
Naiya
53%
Naya
53%
Nayah
53%
Niya
53%
Niyah
53%
Nya
53%
Nyah
53%
Navaeh
52%
Naveah
52%
Naveyah
52%
Neela
52%
Neila
52%
Nevaeh
52%
Neveah
52%
Nila
52%
Nilah
52%
Nivea
52%
Norma
48%
Naarah
47%
Naira
47%
Nara
47%
Nicolette
45%
Nela
44%
Nella
44%
Nona
43%
Niyla
42%
Niylah
42%
Nyla
42%
Nylah
42%
Nori
41%
Nuri
41%
Navi
40%
Navie
40%
Navy
40%
Noor
39%
Noreen
39%
Nour
39%
Nessa
38%
Nyra
37%
Noella
34%
Noemi
33%
Noemie
33%
Nohemi
33%
Nomi
33%
Nani
32%
Naila
31%
Nailah
31%
Nalia
31%
Naliyah
31%
Nayla
31%
Naylah
31%
Neyla
31%
Nolan
30%
Nami
28%
Nava
27%
Nisa
27%
Nyssa
27%
Neema
25%
Nika
24%
Nikita
24%
Nyx
23%
Nada
22%
Novalee
19%
Novaleigh
19%
Novalie
19%
Noora
17%
Noura
17%
Nura
17%
Nailani
15%
Nalani
15%
Nariah
15%
Nariyah
15%
Naylani
15%
Neriah
15%
Noelani
15%
Nylani
15%
Nirvana
14%
Noely
14%
Novella
14%
Naevia
13%
Nallely
13%
Navia
13%
Navya
13%
Nayeli
13%
Nayelli
13%
Nayely
13%
Niana
13%
November
13%
Nyeli
13%
Naima
12%
Naimah
12%
Namya
12%
Novalyn
12%
Novalynn
12%
Naija
10%
Najah
10%
Nixon
10%
Noelia
9%
Naiara
8%
Nairobi
8%
Natalyn
8%
Natalynn
8%
Nazareth
8%
Niara
8%
Nubia
8%
Naina
7%
Nakia
7%
Normani
7%
Nature
5%
Neely
5%
Nidhi
5%
Nalaya
4%
Nalayah
4%
Nechama
4%
Naisha
3%
Nahara
2%
Nailea
2%
Nashla
2%
Nautica
2%
Nawal
2%
Nihira
2%
Nyasia
2%
Nahia
1%
Najma
1%
Nandini
1%
Nefertari
1%
Nitara
1%
Nithya
1%
Nitya
1%
Norielle
1%
Nuha
1%
Nyelle
1%
Nabiha
0%
Nahiara
0%
Namiko
0%
Naydelin
0%
Niang
0%
Nirvi
0%
Nusaybah
0%
Nyari
0%
No matching quizzes found
Score Distribution
Percent of People with Each Score
Percentile by Number Answered
Your Score History
You have not taken this quiz